Etiopía: manuscritos iluminados

Guardat en:
Dades bibliogràfiques
Autors principals: Wright, Stephen (Autor), Jäger, Otto A (Autor)
Format: Llibre
Idioma:espanyol
Publicat: Nueva York New York Graphic Society 1961
Col·lecció:Colección Unesco de Arte Mundial
Matèries:
Etiquetes: Afegir etiqueta
Sense etiquetes, Sigues el primer a etiquetar aquest registre!

MARC

LEADER 00000nam a2200000 a 4500
001 UCY4256
003 CL-VaPUC
008 950306e19610000US |||||||||||||||||spa|d
082 0 4 |a 745.67  |b WRI  |2 21 
100 0 |a Wright, Stephen  |e author  |9 332655 
700 0 |a Jäger, Otto A  |e author  |9 332656 
245 1 0 |a Etiopía: manuscritos iluminados 
300 |a 28 p 
942 |c BK 
945 |d 19950306 00:00:00  |a mfernand 
260 |a Nueva York  |b New York Graphic Society  |c 1961 
650 7 |a ILUMINACION DE LIBROS Y MANUSCRITOS  |2 CL-VaPUC  |9 332657 
650 0 |a Arte  |9 265238 
651 7 |a ETIOPIA  |2 CL-VaPUC  |9 332658 
583 |a last modification  |c 20120823 10:29:42  |k Rodrigo Vera 
490 0 |a Colección Unesco de Arte Mundial 
999 |c 232159  |d 232157 
952 |0 0  |1 0  |4 0  |6 745_670000000000000_WRI_1961  |7 0  |8 F  |9 236246  |a BIBARQ  |b BIBARQ  |d 2019-11-15  |i 306185K  |o 745.67 WRI 1961  |p 306185K  |r 2025-01-20  |w 2019-11-15  |y BK_F  |k ARQ